| 000 | 00389nam a2200145Ia 4500 | ||
|---|---|---|---|
| 008 | 130318s9999 xx 000 0 und d | ||
| 020 | _a9971514052 | ||
| 082 | _a005.18 VAH/E;2 | ||
| 100 | _aVahid, Frank | ||
| 245 | _aEmbedded system design: A unified hardware/software introduction | ||
| 260 |
_bJW _aKundli _c2002 |
||
| 300 | _a324 | ||
| 650 | _aEMBEDDED SYSTEMS | ||
| 700 | _aGivargis, Tony | ||
| 999 |
_c587 _d587 |
||